000 00216nam a22000857a 4500
999 _c11693
_d11693
008 191203b ||||| |||| 00| 0 eng d
100 _aJonas Ann
_97392
245 _aThe Trek
260 _aNew York
_bGreenwillow Books
_c1985